Statistics for Hello in 50 Languages

Click here to take the quiz!

General Stats

  • This quiz has been taken 129 times
    (91 since last reset)
  • The average score is 13 of 50

Answer Stats

LanguageHello% Correct
HungarianHelló
94%
HausaHello
94%
EnglishHello
94%
FrenchBonjour
77%
SpanishHola
77%
CatalanHola
77%
AfrikaansHallo
70%
GermanHallo
70%
DutchHallo
70%
ItalianCiao
57%
PortugueseOlá
52%
Arabicمرحبا
40%
TurkishMerhaba
38%
Pashtoسلام
35%
DanishHej
35%
AzerbaijaniSalam
30%
Hindiनमस्ते
25%
Nepaliनमस्ते
25%
FinnishHei
23%
Korean안녕하세요
21%
Hebrewשלום
19%
SlovakAhoj
18%
CzechAhoj
18%
SlovenianZdravo
17%
WelshHelo
10%
CroatianBok
9%
LatinSalve
9%
BulgarianЗдравейте
8%
RomanianBuna
8%
Tamilவணக்கம்
5%
ArmenianԲարեւ
5%
Yiddishהעלא
4%
BasqueKaixo
4%
FilipinoKamusta
4%
AlbanianPërshëndetje
4%
EsperantoSaluton
4%
LithuanianSveiki
3%
EstonianTere
3%
GreekΧαίρε
1%
Laoສະບາຍດີ
1%
IrishDia dhuit
1%
ZuluSawubona
1%
Georgianმიესალმები
0%
CorsicanBonghjornu
0%
MalteseBongu
0%
VietnameseChào bạn
0%
SwahiliHodi
0%
ShonaMhoro
0%
ChichewaMoni
0%
SamoanTalofa
0%

Score Distribution

Percentile by Number Answered

Percent of People with Each Score

Your Score History

You have not taken this quiz since the last reset